BIBLIOTECA

SENCICO

Iniciación al color : (Registro nro. 3762)

Detalles MARC
000 -LEADER
fixed length control field 00744nam a22002417a 4500
003 - CONTROL NUMBER IDENTIFIER
control field PE SENCICO BE
005 - DATE AND TIME OF LATEST TRANSACTION
control field 20251020182624.0
008 - FIXED-LENGTH DATA ELEMENTS--GENERAL INFORMATION
fixed length control field 230111b |||||||| |||| 00| 0 eng d
020 ## - INTERNATIONAL STANDARD BOOK NUMBER
International Standard Book Number 978-84-342-1390-6
040 ## - CATALOGING SOURCE
Original cataloging agency PE SENCICO BE
Transcribing agency PE SENCICO BE
041 ## - LANGUAGE CODE
Language code of text/sound track or separate title spa
082 ## - DEWEY DECIMAL CLASSIFICATION NUMBER
Classification number 751/P1
110 1# - MAIN ENTRY--CORPORATE NAME
9 (RLIN) 426
Corporate name or jurisdiction name as entry element Parramon Creative Contents
245 1# - TITLE STATEMENT
Title Iniciación al color :
Remainder of title técnicas básicas de pintura /
Statement of responsibility, etc. Parramon Creative Contents
250 ## - EDITION STATEMENT
Edition statement 1a ed.
260 ## - PUBLICATION, DISTRIBUTION, ETC.
Place of publication, distribution, etc. s.l.:
Name of publisher, distributor, etc. Parramon,
Date of publication, distribution, etc. 2018
300 ## - PHYSICAL DESCRIPTION
Extent 126 p.:
Other physical details il. col.,
Dimensions 28 cm.
650 14 - SUBJECT ADDED ENTRY--TOPICAL TERM
9 (RLIN) 427
Topical term or geographic name entry element Pintura
General subdivision Técnica
650 20 - SUBJECT ADDED ENTRY--TOPICAL TERM
Topical term or geographic name entry element Dibujo arquitectónico
General subdivision Técnica
9 (RLIN) 428
650 24 - SUBJECT ADDED ENTRY--TOPICAL TERM
9 (RLIN) 429
Topical term or geographic name entry element Colores
910 ## - USER-OPTION DATA (OCLC)
-- hfp
-- hfp
942 ## - ADDED ENTRY ELEMENTS (KOHA)
Source of classification or shelving scheme Dewey Decimal Classification
Koha item type Libros
Classification part 751
Item part P
Existencias
Fecha de la última vez que lo usaron Número de ingreso o de inventario Pago total Signatura topográfica completa Precio efectivo desde Tipo de documento Estado perdido Sistema de clasificación Estado dañado No es para préstamo Retirado Ubicación permanente Ubicación actual Fecha de adquisición
11/01/2023 16523   751/P1 11/01/2023 Libros   Dewey Decimal Classification       Biblioteca Central Lima Biblioteca Central Lima 11/01/2023